000 00299nam a22001337a 4500
008 170214b xxu||||| |||| 00| 0 eng d
020 _a0123851564
041 _aeng
080 _22ND
_a61
100 _a4
101 _aSHM
245 _aMODERN DEVELOPMENTS IN AUDIOLOGY
_cJERGER, J
942 _2udc
_cBK
999 _c5383
_d5383